Catálogo

La pregunta por Dios : (Registro nro. 61635)

Detalles MARC
000 -LEADER
fixed length control field 00671nam a2200229 u 4500
001 - CONTROL NUMBER
control field 61635
005 - DATE AND TIME OF LATEST TRANSACTION
control field 20180714063337.0
008 - FIXED-LENGTH DATA ELEMENTS--GENERAL INFORMATION
fixed length control field 141105s2009 sp r 000 0 spa d
020 ## - INTERNATIONAL STANDARD BOOK NUMBER
International Standard Book Number 84-330-1963-5
082 0# - DEWEY DECIMAL CLASSIFICATION NUMBER
Classification number 211.3
Item number EST
100 1# - MAIN ENTRY--PERSONAL NAME
Personal name Estrada Juan A.
Relator term autor
245 13 - TITLE STATEMENT
Title La pregunta por Dios :
Remainder of title entre la metafísica, el nihilismo y la religión.
264 #1 - PRODUCTION, PUBLICATION, DISTRIBUTION, MANUFACTURE, AND COPYRIGHT NOTICE
Place of production, publication, distribution, manufacture España :
Name of producer, publisher, distributor, manufacturer Desclée de Brouwer,
Date of production, publication, distribution, manufacture, or copyright notice 2005
300 ## - PHYSICAL DESCRIPTION
Extent 427 páginas : ;
Dimensions 24 cm.
336 ## - CONTENT TYPE
Content type term texto
Source rdacontent
337 ## - MEDIA TYPE
Media type term sin mediación
Source rdamedia
338 ## - CARRIER TYPE
Carrier type term volume
Source rdacarrier
650 #0 - SUBJECT ADDED ENTRY--TOPICAL TERM
Topical term or geographic name entry element Teismo
650 ## - SUBJECT ADDED ENTRY--TOPICAL TERM
Topical term or geographic name entry element Metafísica
650 #0 - SUBJECT ADDED ENTRY--TOPICAL TERM
Topical term or geographic name entry element Religión
650 #0 - SUBJECT ADDED ENTRY--TOPICAL TERM
Topical term or geographic name entry element Teología
Existencias
Withdrawn status Lost status Source of classification or shelving scheme Damaged status Not for loan Collection code Home library Current library Shelving location Date acquired Source of acquisition Inventory number Total Checkouts Full call number Barcode Date last seen Price effective from Koha item type
    Dewey Decimal Classification     General Centro de Estudios en Ciencia y Religión Centro de Estudios en Ciencia y Religión Sala general 05/11/2014 Compra 151000000000000000077921   261.55 POL 1998 93138 05/01/2026 20/11/2015 Libro
    Dewey Decimal Classification     General Centro de Estudios en Ciencia y Religión Centro de Estudios en Ciencia y Religión Sala general 05/11/2014 Compra 151000000000000000078031   211.3 EST 2005 93137 05/01/2026 20/11/2015 Libro